000 00707nam a22002177a 4500
003 UA-OsUOA
001 105588
007 ta
008 20140312b un ||||| |||| 00| 0 ukr d
100 _aТомашевська А.М.
090 _a330(477)
_bТ56
942 _cSA
040 _aUA-OsUOA
_bukr
_cUA-OsUOA
_dUA-OsUOA
245 _aГенезис поняття "інвестиції" як основної складової інвестиційної діяльності
300 _aС.23-27
955 _a0
041 _aukr
080 _a330(477)
773 0 _w105586
_tЕкономіка. Фінанси. Право.
_dК.
_d2014
_g2
650 7 _a330 Економіка взагалі
_2UDC
999 _c391901
_d391901